Les 20 pays les plus grands en superficie - Mort Subite - Statistiques

Statistiques générales
  • Ce quiz a été pris 525 fois
  • Le résultat moyen est 11 sur 21
Answers on the Grid
Answers color-coded by a green-red scale on the quiz's grid according to % correct below.
Mali
Pérou
Mongolie
Iran
Libye
Soudan
Indonésie
Mexique
Arabie Saoudite
Danemark
République démocratique du Congo
Algérie
Kazakhstan
Argentine
Inde
Australie
Brésil
Chine
Etats-Unis
Canada
Russie
Egypte
Mauritanie
Bolivie
Ethiopie
Colombie
Afrique du Sud
Angola
Niger
Tchad
 
Statistiques - réponses
Réponse % Correct
Etats-Unis
84%
Russie
84%
Brésil
80%
Canada
78%
Australie
69%
Chine
69%
Inde
67%
Algérie
61%
Kazakhstan
57%
République démocratique du Congo
56%
Argentine
53%
Mexique
52%
Arabie Saoudite
44%
Mongolie
44%
Iran
41%
Indonésie
37%
Danemark
25%
Soudan
25%
Libye
20%
Pérou
10%
Mali
5%
Aucun quiz correspondant
Distribution des résultats
% des personnes avec chaque résultat
Percentile par nombre de réponses
Votre historique - résultats
Vous n’avez pas pris ce quiz